Šest nálad, op. 102 piano /

Hlavní autor: Hába, Alois, 1893-1973
Jazyk: Nelze použít, není lingvistický obsah
Vydáno: Praha : Panton, 1975
Vydání: 1. vyd.
Fyzický popis: 13 s.
Hudebniny Hudebniny
Uloženo v:
LEADER 00669ncm a22002172a 4500
001 001216427
003 CZ BrMZK
005 20120525091704.0
007 qu
008 120525s1975 xr |||||||||||||||||zxx d
040 |a BOA001  |b cze 
072 7 |a 786  |x Hudba pro klávesové nástroje  |2 Konspekt  |9 9 
100 1 |a Hába, Alois,  |d 1893-1973  |7 jk01032899  |4 cmp 
245 1 0 |a Šest nálad, op. 102  |h [hudebnina] :  |b piano /  |c Alois Hába 
250 |a 1. vyd. 
260 |a Praha :  |b Panton,  |c 1975 
300 |a 13 s. 
910 |a BOA001  |b Mus4-0742.682 
990 |a MU 
991 |b 201205 
996 6 |b 2619089940  |c Mus4-0742.682  |l MZK  |r Sklad / do 1 hodiny  |n 0  |w 001250088  |u 000010  |a 1  |e BOA001  |j MZK50  |s P